Vida del cardenal arzobispo Cirilo de Alameda y Brea /

שמור ב:
מידע ביבליוגרפי
מחבר ראשי: Roca, C. Alberto
פורמט: ספר
שפה:Spanish
יצא לאור: Montevideo : Biblioteca Nacional, 1974.
נושאים:
LEADER 00985nam a2200253 i 4500
001 c000235842
003 CARM
005 00000000000000.0
008 840301s1974 uy af b f000 0bspa d
019 1 |a 1012455  |5 LACONCORD2021 
035 |a (OCoLC)1658955  |5 LACONCORD2021 
041 0 |a spa 
082 0 4 |a 262.932 
100 1 |a Roca, C. Alberto. 
245 1 0 |a Vida del cardenal arzobispo Cirilo de Alameda y Brea /  |c C. Alberto Roca. 
260 |a Montevideo :  |b Biblioteca Nacional,  |c 1974. 
300 |a 171 p., [2] leaves of plates :  |b ill. ;  |c 20 cm. 
504 |a Includes bibliographical references. 
600 2 0 |a Alameda y Brea, Cirilo,  |c Archbishop,  |d 1781-1872. 
610 2 0 |a Catholic Church  |x Bishops  |x Biography. 
650 0 |a Bishops  |x Biography. 
852 8 |b CARM  |h A2:AO25G0  |i B07455  |p 0327404  |f BK 
999 f f |i 8b8d7b4a-d76d-5504-a5d8-ed26a0cf7c7c  |s da5bb71d-3b89-583a-b36d-dedf330cde72 
952 f f |p Can circulate  |a CAVAL  |b CAVAL  |c CAVAL  |d CARM 1 Store  |e B07455  |f A2:AO25G0  |h Other scheme  |i book  |m 0327404